<?xml version="1.0" encoding="UTF-8"?>
<collection xmlns="http://www.loc.gov/MARC21/slim">
    <record>
        <controlfield tag="001">31978</controlfield>
        <controlfield tag="005">20160204081705.0</controlfield>
        <datafield tag="037" ind1=" " ind2=" ">
            <subfield code="a">TAZ-TFG-2015-745</subfield>
        </datafield>
        <datafield tag="041" ind1=" " ind2=" ">
            <subfield code="a">spa</subfield>
        </datafield>
        <datafield tag="100" ind1="1" ind2=" ">
            <subfield code="a">Guíu Cañete, Inés</subfield>
        </datafield>
        <datafield tag="245" ind1="0" ind2="0">
            <subfield code="a">Programa de educación para pacientes diabéticos musulmanes durante el ramadán</subfield>
        </datafield>
        <datafield tag="260" ind1=" " ind2=" ">
            <subfield code="a">Zaragoza</subfield>
            <subfield code="b">Universidad de Zaragoza</subfield>
            <subfield code="c">2015</subfield>
        </datafield>
        <datafield tag="506" ind1=" " ind2=" ">
            <subfield code="a">by-nc-sa</subfield>
            <subfield code="b">Creative Commons</subfield>
            <subfield code="c">3.0</subfield>
            <subfield code="u">http://creativecommons.org/licenses/by-nc-sa/3.0/</subfield>
        </datafield>
        <datafield tag="520" ind1=" " ind2=" ">
            <subfield code="a">Introducción: La diabetes es una enfermedad crónica metabólica que se produce cuando el páncreas no produce suficiente insulina, o el cuerpo es incapaz de utilizar correctamente la insulina producida. Se calcula que en el año 2030 la diabetes afectará a unas 366.000.000 personas. Actualmente, en España se estima que más de 220.800 diabéticos son musulmanes. El manejo de la enfermedad en estos pacientes suele resultar más complicado debido a las diferencias culturales y lingüísticas, y muchos insisten en ayunar durante el Ramadán a pesar de estar exentos. Objetivos: Mejorar la calidad de vida del paciente diabético musulmán durante el Ramadán favoreciendo la educación diabetológica, especialmente la detección precoz de síntomas de complicaciones agudas, y enseñándole la importancia de reajustar su tratamiento. Así como proporcionar información de primera mano sobre el Ramadán a los profesionales sanitarios. Metodología: Se ha realizado una revisión bibliográfica acerca del paciente diabético musulmán durante el Ramadán haciendo uso de diversas bases de datos con un límite de publicación de 2004 a 2015. También se han consultado NANDA, NIC y NOC. Conclusiones: Los participantes conseguirán mejorar su calidad de vida gracias a que su enfermedad no les impedirá formar parte de un evento tan importante para ellos. Aumentarán su adherencia al tratamiento debido a la adquisición de conocimientos y disminuirán las complicaciones agudas por un correcto reajuste del tratamiento. El personal sanitario se implicará en la mejora de conocimientos acerca del estilo de vida durante el Ramadán.</subfield>
        </datafield>
        <datafield tag="521" ind1=" " ind2=" ">
            <subfield code="a">Graduado en Enfermería</subfield>
        </datafield>
        <datafield tag="540" ind1=" " ind2=" ">
            <subfield code="a">Derechos regulados por licencia Creative Commons</subfield>
        </datafield>
        <datafield tag="700" ind1=" " ind2=" ">
            <subfield code="a">Sanz Abós, Beatriz</subfield>
            <subfield code="e">dir.</subfield>
        </datafield>
        <datafield tag="710" ind1="2" ind2=" ">
            <subfield code="a">Universidad de Zaragoza</subfield>
            <subfield code="b"> </subfield>
            <subfield code="c"></subfield>
        </datafield>
        <datafield tag="856" ind1="0" ind2=" ">
            <subfield code="f">650439@celes.unizar.es</subfield>
        </datafield>
        <datafield tag="856" ind1="4" ind2=" ">
            <subfield code="s">1989584</subfield>
            <subfield code="u">http://zaguan.unizar.es/record/31978/files/TAZ-TFG-2015-745.pdf</subfield>
            <subfield code="y">Memoria (spa)</subfield>
        </datafield>
        <datafield tag="909" ind1="C" ind2="O">
            <subfield code="o">oai:zaguan.unizar.es:31978</subfield>
            <subfield code="p">driver</subfield>
            <subfield code="p">trabajos-fin-grado</subfield>
        </datafield>
        <datafield tag="950" ind1=" " ind2=" ">
            <subfield code="a"></subfield>
        </datafield>
        <datafield tag="951" ind1=" " ind2=" ">
            <subfield code="a">deposita:2015-10-08</subfield>
        </datafield>
        <datafield tag="980" ind1=" " ind2=" ">
            <subfield code="a">TAZ</subfield>
            <subfield code="b">TFG</subfield>
            <subfield code="c">EUCS</subfield>
        </datafield>
    </record>

    
</collection>